000 00327nam a22001337a 4500
008 181121b xxu||||| |||| 00| 0 eng d
020 _a9781429231237
041 _aeng
080 _25 TH
_a541
100 _a12
101 _aKIM
245 _aSolutions Mnaual Quantitative Chemical Analysis
_cHarris.D.C
942 _2udc
_cBK
999 _c52257
_d52257